5HLuxD.jpg

KING HENRY VIII SENIOR AND PRIMARY SCHOOL LIBRARY OPAC

I know things that go / (Record no. 1393)

000 -LEADER
fixed length control field 01269cam a22003498i 4500
001 - CONTROL NUMBER
control field 19664197
003 - CONTROL NUMBER IDENTIFIER
control field OSt
005 - DATE AND TIME OF LATEST TRANSACTION
control field 20221229100100.0
008 - FIXED-LENGTH DATA ELEMENTS--GENERAL INFORMATION
fixed length control field 170525t20172018nyu j 000 0 eng c
010 ## - LIBRARY OF CONGRESS CONTROL NUMBER
LC control number 2016047194
020 ## - INTERNATIONAL STANDARD BOOK NUMBER
International Standard Book Number 9781482463095 (pbk. book)
040 ## - CATALOGING SOURCE
Original cataloging agency PSt/DLC
Language of cataloging eng
Description conventions rda
Transcribing agency PSt
042 ## - AUTHENTICATION CODE
Authentication code pcc
082 00 - DEWEY DECIMAL CLASSIFICATION NUMBER
Classification number 629.04 JAM
Edition number 23
100 1# - MAIN ENTRY--PERSONAL NAME
Personal name James, Trisha,
Relator term author.
245 10 - TITLE STATEMENT
Title I know things that go /
Statement of responsibility, etc. Trisha James.
263 ## - PROJECTED PUBLICATION DATE
Projected publication date 1708
264 #1 - PRODUCTION, PUBLICATION, DISTRIBUTION, MANUFACTURE, AND COPYRIGHT NOTICE
Place of production, publication, distribution, manufacture New York :
Name of producer, publisher, distributor, manufacturer Gareth Stevens Publishing,
Date of production, publication, distribution, manufacture, or copyright notice [2017]
264 #4 - PRODUCTION, PUBLICATION, DISTRIBUTION, MANUFACTURE, AND COPYRIGHT NOTICE
Date of production, publication, distribution, manufacture, or copyright notice ©2018
300 ## - PHYSICAL DESCRIPTION
Extent 23 pages :
Other physical details color illustrations ;
Dimensions 19 cm.
336 ## - CONTENT TYPE
Content type term text
Source rdacontent
337 ## - MEDIA TYPE
Media type term unmediated
Source rdamedia
338 ## - CARRIER TYPE
Carrier type term volume
Source rdacarrier
490 1# - SERIES STATEMENT
Series statement What I know (Gareth Stevens Publishing)
505 0# - FORMATTED CONTENTS NOTE
Formatted contents note This is a bicycle -- This is a scooter -- This is a car -- This is a truck -- This is a tractor -- This is a motorcycle -- This is a bus -- This is a boat -- This is an airplane -- This is a train -- Which way to go do you like best?.
650 #0 - SUBJECT ADDED ENTRY--TOPICAL TERM
Topical term or geographic name entry element Vehicles
Form subdivision Juvenile literature.
650 #0 - SUBJECT ADDED ENTRY--TOPICAL TERM
Topical term or geographic name entry element Locomotion
Form subdivision Juvenile literature.
830 #0 - SERIES ADDED ENTRY--UNIFORM TITLE
Uniform title What I know (Gareth Stevens Publishing)
906 ## - LOCAL DATA ELEMENT F, LDF (RLIN)
a 7
b cbc
c orignew
d 1
e ecip
f 20
g y-gencatlg
942 ## - ADDED ENTRY ELEMENTS (KOHA)
Source of classification or shelving scheme
Koha item type Books - Non Ficton
Holdings
Withdrawn status Lost status Source of classification or shelving scheme Damaged status Not for loan Collection code Permanent Location Current Location Shelving location Date acquired Total Checkouts Total Renewals Full call number Barcode Date last seen Date last checked out Price effective from Koha item type
          Non-Fiction KH8 Primary School Library KH8 Primary School Library Non Fiction 2022-12-29 4 1 629.04 JAM KHPL000003170 2025-12-05 2023-06-14 2022-12-29 Books - Non Ficton

Powered By KH8 IT Dept